| 000 | 00376nam a2200145 i 4500 | ||
|---|---|---|---|
| 001 | bg | ||
| 100 | 1 | _aSTRIZALO, W.A. | |
| 245 | 0 |
_aMalocuklovaja ustalost' pri niskich temperaturach / _cW.A. Strizalo, W.J. Skripcenko. |
|
| 260 |
_aKiev, _c1987. |
||
| 700 | 1 | _aSKRIPCENKO, W.J. | |
| 040 | _cBPK | ||
| 041 | _apol | ||
| 942 | _cKS | ||
| 008 | s pl f |000 0 pol | ||
| 999 |
_c23703 _d23703 |
||